Biggest sources of immigrants to Montana - Statistics

General Stats
  • This quiz has been taken 27 times
  • The average score is 8 of 10
Answer Stats
Hint Answer % Correct
3,887 Canada
96%
3,756 Mexico
96%
1,597 China
88%
428 Japan
85%
1,000 Philippines
85%
1,007 Russia
81%
2,338 Germany
77%
689 India
73%
649 Korea
69%
470 Colombia
54%
No matching quizzes found
Score Distribution
Percent of People with Each Score
Percentile by Number Answered
Your Score History
You have not taken this quiz